Statistiques concernant Pays occupés par l'Axe en la seconde guerre mondiale

Cliquez ici pour prendre le quiz!

Statistiques générales

  • Ce quiz a été pris 3,409 fois
    (3,359 depuis la dernière actualisation)
  • Le résultat moyen est 47 sur 69

Statistiques - réponses

% Pays % Correct
86France
99%
100Italie
95%
100Belgique
94%
100Pologne
94%
10Russie
93%
100Autriche
92%
100Allemagne
92%
30Chine
90%
100Japon
89%
100Pays-Bas
89%
100Hongrie
88%
100Grèce
87%
100Norvège
86%
100Finlande
85%
100Roumanie
85%
2Danemark
85%
100République tchèque
84%
100Slovaquie
84%
100Lettonie
83%
100Estonie
83%
100Ukraine
82%
100Lituanie
82%
100Croatie
82%
100Luxembourg
82%
100Serbie
82%
100Slovénie
82%
100Bulgarie
80%
100Albanie
80%
100Biélorussie
79%
100Viêt Nam
77%
40Égypte
75%
100Bosnie-Herzégovine
75%
100Macédoine
74%
100Corée du Sud
74%
95Indonésie
73%
100Corée du Nord
73%
100Monténégro
73%
100Kosovo
72%
< 1Inde (Îles Andaman
et-Nicobar)
72%
100Laos
70%
100Cambodge
69%
< 1États-Unis
(Îles Aléoutiennes / Guam)
69%
100Thaïlande
68%
100Moldavie
67%
100Libye
66%
< 1Australie
(Île Christmas)
65%
100Tunisie
65%
100Philippines
62%
100Monaco
61%
100Birmanie
60%
100Malaisie
60%
< 1Royaume-Uni
(Îles Anglo-Normandes)
56%
100Taïwan
53%
100Singapour
49%
100Éthiopie
46%
90Papouasie-Nouvelle-
Guinée
40%
< 5Soudan
40%
100Brunei
39%
100Irak
38%
100Somalie
37%
100Érythrée
36%
100Timor oriental
36%
100Micronésie
35%
100Îles Marshall
34%
?Îles Salomon
34%
?Kiribati
32%
100Nauru
31%
100Palaos
30%
< 5Kenya
23%

Distribution des résultats

Percentile by Number Answered

% des personnes avec chaque résultat

Votre développement - résultats

Vous n’avez pas pris ce quiz depuis la dernière actualisation